Moderní trendy v účetnictví sborník 18. ročníku pedagogické konference pořádané 1. prosince 2018 na VŠE v Praze, Česká republika

Gespeichert in:
Bibliographische Detailangaben
Körperschaften: Moderní trendy v účetnictví. Pedagogická konference, Fakulta financí a účetnictví Vysoké školy ekonomické v Praze. Katedra finančního účetnictví
Weitere Verfasser: Molín, Jan
Format: Buch
Sprache:Tschechisch
Slowakisch
Englisch
Veröffentlicht: Praha Vysoká škola ekonomická v Praze. Nakladatelství Oeconomica 2018
Ausgabe:1. vydání
Schlagworte:
Tags: Tag hinzufügen
Keine Tags, Fügen Sie das erste Tag hinzu!

MARC

LEADER 00000nlm a2200000 4500
001 0251725
005 20220818094001.5
020 |a 978-80-245-2300-2 
041 0 |a cze 
041 0 |a slo 
041 0 |a eng 
044 |a CZ 
245 1 0 |a Moderní trendy v účetnictví  |b sborník 18. ročníku pedagogické konference pořádané 1. prosince 2018 na VŠE v Praze, Česká republika  |c editor: Jan Molín 
250 |a 1. vydání 
264 1 |a Praha  |b Vysoká škola ekonomická v Praze. Nakladatelství Oeconomica  |c 2018 
300 |a online 106 s. 
610 2 0 |a účtovníctvo 
610 2 0 |a metódy účtovné 
610 2 0 |a závierka účtovná 
610 2 0 |a audítori 
610 2 0 |a účtovníctvo finančné 
610 2 0 |a právo finančné 
610 2 0 |a dotácie 
610 2 0 |a mena 
610 2 0 |a dane z hodnoty pridanej 
610 2 0 |a vyučovanie 
610 2 0 |a jazyky cudzie 
610 2 0 |a skupiny pracovné 
700 1 |a Molín, Jan 
110 2 |a Moderní trendy v účetnictví. Pedagogická konference 
710 2 |a Fakulta financí a účetnictví Vysoké školy ekonomické v Praze. Katedra finančního účetnictví